| 000 | 00644nam a22001697a 4500 | ||
|---|---|---|---|
| 005 | 20250217101205.0 | ||
| 008 | 250217b |||||||| |||| 00| 0 eng d | ||
| 082 |
_22023 _aUT |
||
| 100 |
_aBendijo, Aileen A. _965310 |
||
| 245 |
_a"Breaking the silence": _bMen as victims of intimate partner violence and abuse / _cAileen A. Bendijo, Nice E. Nalla, and Phoebe Kette B. Reubal |
||
| 260 |
_aDigos City : _bUMDC, _c©2023. |
||
| 300 |
_avii, 112 pages : _billustration (some colors) ; _c29 cm. |
||
| 500 | _aIncludes references and appendices. | ||
| 700 |
_a Nalla, Nice E. _965313 |
||
| 700 |
_a Reubal, Phoebe Kette B. _965315 |
||
| 942 |
_2ddc _cUT |
||
| 999 |
_c23458 _d23458 |
||